| 000 | 00725nam a2200217Ia 4500 | ||
|---|---|---|---|
| 008 | 240729s9999 xx 000 0 und d | ||
| 022 | _a2451-2311 | ||
| 245 | 0 | _aRoczniki Panstwowego Zakladu Higieny | |
| 260 | _aPoland | ||
| 260 | _bNational Institute of Public Health - National Institute of Hygiene | ||
| 650 | _a Home economics | ||
| 650 | _a Industrial medicine. Industrial hygiene | Medicine | ||
| 650 | _a Internal medicine | ||
| 650 | _a Nutrition. Foods and food supply | Medicine | ||
| 650 | _a Public aspects of medicine | ||
| 650 | _a Special situations and conditions | ||
| 650 | _aTechnology | ||
| 856 | _uhttps://doaj.org/toc/73f78315ac7945b293321f00cec77ac7 | ||
| 942 | _2ddc | ||
| 942 | _cDOAJEJ | ||
| 999 |
_c71028 _d71028 |
||
| 945 |
_a1 _bMadushi Gamage _c1 _dMadushi Gamage |
||